000 00337nam a2200157Ia 4500
003 OSt
005 20231120062904.0
008 170524s9999 xx 000 0 und d
020 _a1-84-092-234-6
040 _cIIMT
100 _aO'hara-Christopher
245 4 _aThe bloody mary
260 _bApple
260 _c1998
942 _2ddc
_c02
999 _c7099
_d7099